00239nam a2200109Ia 4500008004100000100001300041245002000054260001700074260000900091546001200100999001700112170619s9999 xx 000 0 und d aSze- S M 0aVLSI Technology bMc Graw Hill c1988 aENGLISH c17503d17503